000 01247nab a2200217 i 4500
001 768714001
003 CO-MdFUSB
005 20230607115010.0
008 220914s2006 ag ||||| |||| 00| 0 eng d
022 _a16698649
040 _bspa
_cCO-MdFUSB
_dCO-MdFUSB
_aCO-MdFUSB
041 _aeng
100 _aScott, Lindy,
_eautor
245 1 _aMi casa es tu casa
_b: a biblical perspective on the current immigration situation
_c/ Lindy Scott
300 _aVolumen 1, número 2 (2006), páginas 122-146
_c; 20 cm.
520 _aLindy Scott, secretario regional de FTL para los Estados Unidos y Canadá, expresa una vehemente súplica para que los cristianos en Norteamérica traten a los inmigrantes como tratarían a Jesús mismo. El autor nos lleva a conocer la controversia política actual en los Estados Unidos y construye puentes entre la enseñanza bíblica, el trasfondo histórico del problema y políticas concretas que los cristianos están llamados a sopesar.
546 _aTexto en Inglés
650 7 _92117
_aEmigración e inmigración
773 0 _049416
_981264
_d Santiago de Chile
_oR1721
_tJournal of Latin American Theology :
_w(CO-MdFUSB)118
_x1669-8949
_gVolumen 1, número 2 (2006), páginas 122-146
_qpágina 122
942 _cANA
999 _c68152
_d68152